| 000 | 00909nam a22002295a 4500 | ||
|---|---|---|---|
| 003 | OSt | ||
| 005 | 20160825110521.0 | ||
| 008 | 160825s2010 ua fr 000 0 ara d | ||
| 015 | _a2009/41351 | ||
| 040 |
_aEG-ScBUE _bara _cEG-ScBUE |
||
| 043 | _af-ua--- | ||
| 082 | 0 | 4 |
_a346.6202 _bغ ز ا _222 |
| 100 | 1 |
_aالغزالي، محمد أحمد. _940890 |
|
| 245 | 1 | 0 |
_aشرح أحكام التأجير المفروش : _bمعلقا عليه بأحدث أحكام محكمة النقض والدستورية العليا / _cمحمد أحمد الغزالي. |
| 260 |
_a[القاهرة] : _bدار علام للإصدرات القانونية، _c2010. |
||
| 300 |
_a143 ص. ؛ _c24 سم. |
||
| 650 | 7 |
_aالإيجارات _xقوانين وتشريعات _zمصر. _2BUEsh _940891 |
|
| 650 | 7 |
_aعقود الإيجار _zمصر. _2BUEsh _940893 |
|
| 651 | _2BUEsh | ||
| 653 |
_bLLAAWW _cAugust 2016 |
||
| 942 | _2ddc | ||
| 999 |
_c22238 _d22210 |
||